Country Transits: Closest Countries to Italy by Starting Letter - Statistics

General Stats
  • This quiz has been taken 330 times
  • The average score is 20 of 24
Answer Stats
Letter Country % Correct
F France (1)
96%
A Austria (1)
95%
S San Marino-Slovenia-Switzerland (1)
95%
G Germany (2)
92%
B Belgium-Brazil (2)
91%
C Croatia-Czech Republic (2)
91%
V Vatican City (1)
91%
D Denmark (3)
90%
Q Qatar (8)
90%
P Paraguay-Peru-Poland-Portugal (3)
89%
Y Yemen (8)
89%
H Hungary (2)
88%
O Oman (8)
88%
U Ukraine-United Kingdom-Uruguay (3)
87%
Z Zambia (9)
86%
L Liechtenstein-Luxembourg (2)
85%
T Tunisia-Turkey (5)
85%
R Romania (3)
83%
J Jordan (7)
80%
M Monaco (2)
79%
I Ireland (4)
77%
K Kosovo (4)
76%
N Netherlands (2)
74%
E Ecuador (4)
44%
No matching quizzes found
Score Distribution
Percent of People with Each Score
Percentile by Number Answered
Your Score History
You have not taken this quiz